|
|
|
|
| LEADER |
00597nam a2200193 a 4500 |
| 001 |
000557779 |
| 003 |
CZ BrMZK |
| 005 |
20000105143423.0 |
| 007 |
ta |
| 008 |
000105s1992 xo f cze d |
| 040 |
|
|
|a BOA001
|b cze
|
| 080 |
|
|
|a 820(73)-312.5=850
|2 MRF
|
| 100 |
1 |
|
|a Hoag, Tami,
|d 1959-
|7 xx0022696
|4 aut
|
| 245 |
1 |
0 |
|a Saražin hřích /
|c Tami Hoag ; Z angl. orig. přel. L. Rudolfová
|
| 260 |
|
|
|a Martin :
|b Pocket Book,
|c 1992
|
| 300 |
|
|
|a 177 s.
|
| 910 |
|
|
|a BOA001
|b 1-0981.009
|
| 990 |
|
|
|a BK
|
| 996 |
7 |
|
|b 2619708549
|c 1-0981.009
|l MZK
|r Sklad / do 1 hodiny
|n 6
|w 000557779
|u 000010
|a 1
|e BOA001
|j MZK50
|s A
|